| 000 | 00601cam a2200217 a 4500 | ||
|---|---|---|---|
| 001 | 000005005 | ||
| 003 | OSt | ||
| 005 | 20200929151545.0 | ||
| 008 | 881103s1987 cu f000 0 spa c | ||
| 040 |
_aDO-SdBNP _dspa _cBNPHU |
||
| 100 | 1 |
_aLópez Morales, Eduardo, _d1939- _914432 |
|
| 245 | 1 | 0 |
_aAcerca del estado y del sueño / _cEduardo López Morales. |
| 260 |
_aLa Habana : _bLetras Cubanas, _c1987. |
||
| 300 |
_a132 p. ; _c18 cm. |
||
| 490 | 1 | _aGiraldilla | |
| 590 | _aInventariado, 2020/ YL | ||
| 830 | 0 |
_aGiraldilla _98904 |
|
| 910 | _aEn proceso | ||
| 942 |
_2ddc _cLF1 |
||
| 956 | _aYLOCKWARD | ||
| 999 |
_c4811 _d4811 |
||